Statistics for Aston Villa most expensive signings

Click here to take the quiz!

General Stats

  • This quiz has been taken 53 times
  • The average score is 8 of 10

Answer Stats

Signed fromSeasonFee (€)Answer% Correct
Bayer Leverkusen23/2455 millionMoussa Diaby
95%
Brentford20/2134 millionOllie Watkins
93%
Villareal23/2433 millionPau Torres
93%
Bayer Leverkusen21/2232 millionLeon Bailey
88%
Norwich City21/2238.4 millionEmiliano Buendía
83%
Everton21/2230 millionLucas Digne
80%
Sevilla22/2331 millionDiego Carlos
75%
Bournemouth19/2022.3 millionTyrone Mings
68%
Southampton21/2229.4 millionDanny Ings
60%
Club Brugge19/2025 millionWesley Moraes
30%

Score Distribution

Percentile by Number Answered

Percent of People with Each Score

Your Score History

You have not taken this quiz